00481nam a2200145Ia 4500008004100000041000800041082001500049100002100064245004400085260002600129300003200155365000900187999001700196952012200213240624s9999 xx 000 0 und d aeng a005.36 MUR aMURRAY KATHERINE aLEARNING MICROSOFT OFFICE 2010 ADVANCED c2011aBostonbPearson aviii, : 664 : p. : cm. ; 27 cb25 c19629d19629 00104070aIMTNbIMTNcRack 3-Ad2012-09-27eAPg83.00o005.36 MURp19629r2024-06-24 00:00:00t58.6w2024-06-24yBK